[Event "RSA-ch U10"]
[Site "Bloemfontein"]
[Date "2016.03.24"]
[Round "8"]
[White "Aldum, Rocco"]
[Black "Van Heerden, Joshua"]
[Result "0-1"]
[WhiteElo "751"]
[BlackElo "1021"]
[PlyCount "31"]
[EventDate "2016.03.20"]
[EventType "swiss"]
[EventRounds "11"]
[EventCountry "RSA"]
[SourceTitle "CBM 171 Extra"]
[Source "ChessBase"]
[SourceDate "2016.04.26"]
[SourceVersion "1"]
[SourceVersionDate "2016.04.26"]
[SourceQuality "1"]

1. e4 e5 2. Nf3 Nc6 3. Nc3 Bc5 4. Bc4 Nf6 5. 0-0 0-0 6. d3 Nd4 7. Nxe5 Qe7 8. Ng4 d5 9. Nxf6+ Qxf6 10. Nxd5 Qe5 11. Bf4 Qe7 12. Nxc7 Qf6 13. Nxa8 Qxf4 14. c3 Bd7 15. a3 Nf3+ 16. Kh1 0-1

[Event "RSA-chT U10"]
[Site "Cape Town"]
[Date "2016.01.04"]
[Round "1.10"]
[White "Viviers, Diane"]
[Black "Aldum, Rocco"]
[Result "0-1"]
[WhiteElo "541"]
[BlackElo "648"]
[PlyCount "42"]
[EventDate "2016.01.04"]
[EventType "team-tourn"]
[EventRounds "7"]
[EventCountry "RSA"]
[SourceTitle "CBM 170 Extra"]
[Source "ChessBase"]
[SourceDate "2016.02.25"]
[SourceVersion "1"]
[SourceVersionDate "2016.02.25"]
[SourceQuality "1"]
[WhiteTeam "Bojanala Platina"]
[BlackTeam "Ekurhuleni"]
[WhiteTeamCountry "RSA"]
[BlackTeamCountry "RSA"]

1. e4 e6 2. Be2 d5 3. Bb5+ c6 4. Ba4 b5 5. Bb3 Qg5 6. Qf3 dxe4 7. Qxe4 Bb7 8. Nf3 Qxg2 9. d3 Qxh1+ 10. Ng1 Qxg1+ 11. Ke2 Qxc1 12. Bxe6 fxe6 13. Qxe6+ Ne7 14. a4 Qxb2 15. Ra3 Qxc2+ 16. Nd2 b4 17. Rb3 c5 18. d4 Ba6+ 19. Ke1 c4 20. Rf3 c3 21. Qg4 Qxd2# 0-1